000 00652nam a2200217 i 4500
001 19743
003 ES-MaACL
005 20230906152146.0
007 t|
008 021010s1971 sp af ||||1| spa d
080 _a796.31(091)
100 1 _aAbril, Enrique,
_918162
245 1 0 _aDos siglos de pelota vasca /
_cEnrique Abril.
260 _aSan Sebastián :
_bCaja de Ahorros Municipal,
_c1971.
300 _a279 p., 13 lám. :
_bil. ;
_c24 cm.
650 4 _aPelota vasca.
_9155094
650 4 _aJuegos de pelota.
_9136326
710 2 _aCaja de Ahorros Municipal de San Sebastián.
_92300
852 _aES-MaACL
_jC-44480
999 _c19743
_d19743